[Event "Valencia Region-ch Segunda"]
[Site "Valencia"]
[Date "2016.11.12"]
[Round "6"]
[White "Popescu, Marian Daniel"]
[Black "Aupi Rifa, Francisco"]
[Result "1-0"]
[WhiteElo "1503"]
[BlackElo "1745"]
[PlyCount "93"]
[EventDate "2016.10.01"]
[EventType "swiss"]
[EventRounds "7"]
[EventCountry "ESP"]
[SourceTitle "EXT 2024"]
[Source "ChessBase"]
[SourceDate "2023.10.10"]
[SourceVersion "1"]
[SourceVersionDate "2023.10.10"]
[SourceQuality "1"]

1. d4 d5 2. Nf3 Nf6 3. e3 Bf5 4. Bd3 e6 5. b3 Bd6 6. Bb2 Nbd7 7. Nc3 0-0 8. h3 c6 9. Ne2 Qe7 10. Ng3 Bxd3 11. Qxd3 e5 12. Nf5 Qe6 13. Ng5 e4 14. Nxe6 exd3 15. Nxf8 Bxf8 16. cxd3 g6 17. Nh4 Bb4+ 18. Ke2 Re8 19. a3 Bd6 20. b4 Nh5 21. g3 Nf8 22. Kd2 f5 23. Nf3 Nd7 24. g4 Ng7 25. Rae1 Rf8 26. g5 Re8 27. Re2 Nf8 28. h4 Nd7 29. Rhe1 Nh5 30. Bc3 Re7 31. a4 Nb6 32. Ra1 Ng7 33. Ne5 f4 34. a5 fxe3+ 35. fxe3 Nd7 36. Nf3 Nf5 37. Rg1 Nf8 38. Ne5 Nd7 39. Nf3 Nf8 40. e4 Bf4+ 41. Kc2 Ne3+ 42. Kb3 dxe4 43. dxe4 Rxe4 44. Ne5 Ne6 45. Ng4 Rxd4 46. Nxe3 Rd3 47. Nc2 1-0

[Event "Valencia Region-ch Segunda"]
[Site "Valencia"]
[Date "2016.10.29"]
[Round "4"]
[White "Izquierdo Carbellido, Pablo"]
[Black "Popescu, Marian Daniel"]
[Result "0-1"]
[WhiteElo "1553"]
[BlackElo "1503"]
[PlyCount "78"]
[EventDate "2016.10.01"]
[EventType "swiss"]
[EventRounds "7"]
[EventCountry "ESP"]
[SourceTitle "EXT 2024"]
[Source "ChessBase"]
[SourceDate "2023.10.10"]
[SourceVersion "1"]
[SourceVersionDate "2023.10.10"]
[SourceQuality "1"]

1. d4 d5 2. c4 c6 3. Nf3 Nf6 4. e3 Bf5 5. Qb3 Qc7 6. Nc3 e6 7. Be2 Bd6 8. 0-0 Ne4 9. c5 Be7 10. Bd2 Bg4 11. h3 Bxf3 12. Nxe4 Bxe2 13. Nd6+ Bxd6 14. cxd6 Qd7 15. Rfe1 Bc4 16. Qa3 0-0 17. e4 dxe4 18. Rxe4 Bd5 19. Rh4 f5 20. Qg3 Rf6 21. Qe5 Rg6 22. g4 Qd8 23. g5 Nd7 24. Qg3 Nf6 25. f3 Qb6 26. b4 Nh5 27. Qe5 Nf6 28. Kf2 Nd7 29. Qe2 e5 30. Be3 f4 31. dxe5 fxe3+ 32. Qxe3 Qxe3+ 33. Kxe3 Nxe5 34. f4 Nc4+ 35. Kd4 Nxd6 36. Rg4 Nf5+ 37. Ke5 Ne3 38. Rg3 Re8+ 39. Kd4 Nc2+ 0-1

[Event "Valencia Region-ch Segunda"]
[Site "Valencia"]
[Date "2015.11.21"]
[Round "7.11"]
[White "Popescu, Marian Daniel"]
[Black "Bayona Diaz, Josep"]
[Result "1/2-1/2"]
[WhiteElo "1330"]
[BlackElo "1509"]
[PlyCount "60"]
[EventDate "2015.10.03"]
[EventType "swiss"]
[EventRounds "7"]
[EventCountry "ESP"]
[SourceTitle "EXT 2024"]
[Source "ChessBase"]
[SourceDate "2023.10.10"]
[SourceVersion "1"]
[SourceVersionDate "2023.10.10"]
[SourceQuality "1"]

1. c4 c5 2. e4 Nc6 3. Nc3 d6 4. g3 g6 5. Bg2 Bg7 6. Nge2 e6 7. 0-0 Nge7 8. d3 b6 9. Bg5 Qd7 10. Nb5 Bxb2 11. Rb1 Bg7 12. f4 0-0 13. e5 dxe5 14. Bxe7 Re8 15. Bd6 Bb7 16. fxe5 Bxe5 17. Bxe5 Nxe5 18. Bxb7 Qxb7 19. Nd6 Qd7 20. Nxe8 Rxe8 21. Rb3 Rd8 22. Nc1 Qd4+ 23. Kg2 Ng4 24. Qf3 Ne3+ 25. Kh1 Nxf1 26. Qxf1 Qe3 27. Ra3 Rd7 28. Qg1 Qf3+ 29. Qg2 Qd1+ 30. Qg1 Qf3+ 1/2-1/2